Communication (Record no. 12119)

MARC details
000 -LEADER
fixed length control field 00576nam a2200217 a 4500
001 - CONTROL NUMBER
control field 0001-2119
003 - CONTROL NUMBER IDENTIFIER
control field ELIB.Books
008 - FIXED-LENGTH DATA ELEMENTS--GENERAL INFORMATION
fixed length control field 190724 2010 eng
020 ## - INTERNATIONAL STANDARD BOOK NUMBER
International Standard Book Number 0830725334
092 ## - LOCALLY ASSIGNED DEWEY CALL NUMBER (OCLC)
Classification number 248.8
Item number Wri
100 ## - MAIN ENTRY--PERSONAL NAME
Personal name Wright, H. Norman.
245 ## - TITLE STATEMENT
Title Communication
Remainder of title Key to your Marriage
260 ## - PUBLICATION, DISTRIBUTION, ETC. (IMPRINT)
Place of publication, distribution, etc. California
Name of publisher, distributor, etc. A division of Gospel Light
Date of publication, distribution, etc. 2000
300 ## - PHYSICAL DESCRIPTION
Extent 257
Dimensions 21.5cm
650 ## - SUBJECT ADDED ENTRY--TOPICAL TERM
Topical term or geographic name as entry element Communication
856 ## - ELECTRONIC LOCATION AND ACCESS
Name of location of host KBTS Library
Uniform Resource Identifier <a href="KBTS Elib">KBTS Elib</a>
942 ## - ADDED ENTRY ELEMENTS (KOHA)
Source of classification or shelving scheme Dewey Decimal Classification
Koha item type Books
990 ## - EQUIVALENCES OR CROSS-REFERENCES [LOCAL, CANADA]
Link information for 9XX fields 1
998 ## - LOCAL CONTROL INFORMATION (RLIN)
-- Englishbooks.elf
Cataloger's initials, CIN (RLIN) cat
-- 2019-07-24
Holdings
Withdrawn status Lost status Source of classification or shelving scheme Damaged status Not for loan Home library Current library Date acquired Total Checkouts Barcode Date last seen Bill Date Koha item type
    Dewey Decimal Classification     Karen Baptist Theological Seminary Library Karen Baptist Theological Seminary Library 24/07/2019   16444 22/01/2022 22/01/2022 Books
Implemented & Customized by: BestBookBuddies

Powered by Koha